000 00630nam a2200205Ii 4500
003 JO-AjNU
008 230606s9999||||xx |||||||||||||| ||und||
020 _a978-93-80228-09-9
040 _aJO-AjNU
_beng
_erda
_cJO-AjNU
041 _aeng
050 1 4 _aHD59.5.2009
100 3 _aVerma,Anant,
_eauthor
_91243
245 0 0 _aSOCIAL ENTREPRENEURSHIP MANAGEMENT A New Look at the people and the potential
264 3 1 _aNEW DELHI:GLOBAL INDIA PUBLICATIONS PVT LTD,2009
300 _a304p
336 _atext
_btxt
_2rdacontent
337 _aunmediated
_bn
_2rdamedia
338 _avolume
_bnc
_2rdacarrier
650 4 _aMANAGEMENT
_91244
999 _aE655
_c655
_d655